000
00184 a2200097 4500
020
_a
9789682973413
041
_a
spa
100
_a
Alfredo Bryce Echenique
245
_a
Goig
942
_c
K
999
_c
31247
_d
31245